Cricket: Highest Test Batting Average by Decade - Statistics

General Stats
  • This quiz has been taken 23 times
  • The average score is 9 of 12
Answer Stats
Decade Country Runs Average Answer % Correct
1990s IND 5626 58.00 Sachin Tendulkar
100%
2010s AUS 7164 62.84 Steve Smith
100%
2020s ENG 3145 54.22 Joe Root
95%
1940s AUS 1903 105.72 Sir Donald Bradman
90%
1930s AUS 4625 102.77 Sir Donald Bradman
90%
1970s WI 2736 58.21 Sir Viv Richards
90%
1980s AUS 7386 55.11 Allan Border
86%
2000s SA 8630 58.70 Jacques Kallis
86%
1950s WI 3129 61.35 Sir Clyde Walcott
48%
1910s ENG 2031 65.51 Sir Jack Hobbs
48%
1960s ENG 6397 59.78 Ken Barrington
43%
1920s AUS 1252 69.22 Charles Macartney
14%
No matching quizzes found
Score Distribution
Percent of People with Each Score
Percentile by Number Answered
Your Score History
You have not taken this quiz